000 01099cam a22002175a 4500
001 L138239
008 070523e2006 xxk f 100 0 eng d
035 _a(Sirsi) u138239
041 0 _aeng
100 1 _aTrain, A.
245 0 0 _aMaximising the impact of knowledge for innovation in gaining competitive advantage
_h[electronic resource]
260 _c2006
490 0 _aCOBRA
_v2006
520 _aDiscusses the relationship between the tacit and explicit knowledge in facilitating the use of knowledge and innovation as a means of gaining competitive advantage. Discusses how the implicit nature of tacit knowledge makes it difficult to harness and exploit for organisational benefits.
651 4 _aInternational
690 _aMANAGEMENT-BUSINESS MANAGEMENT-INFORMATION MANAGEMENT-KNOWLEDGE MANAGEMENT
700 1 _aEgbu, C.
711 2 _aConstruction and Building Research Conference
_cUniversity College London, London
_d7-8 September 2006
856 4 0 _uhttps://www.rics.org/site/scripts/download_info.aspx?downloadID=2919
_zView the item free of charge at www.rics.org...
942 _n0
999 _c107072
_d107072